| 000 | 00555cam1a220016900 4500 | ||
|---|---|---|---|
| 001 | tmp16037574 | ||
| 003 | UPRA | ||
| 005 | 20190815094238.0 | ||
| 008 | 951128s1973 lo f eng u | ||
| 035 | _a(Sirsi) r75460 | ||
| 035 | _a(UPRA)tmp16037574 | ||
| 040 | _cUPRA | ||
| 245 | 0 | 0 | _aAddresses by His Majesty King Moshoeshoe II and the Hon. Prime Minister, Chief Seabua Jonathan on the occassion of the 10th anniversary of the O.A.U. |
| 260 |
_aMaseru : _bGovernment Printer, _c1973. |
||
| 949 |
_a(O2)1973/1 _wlcc _mMAIN _tBOOK _lON-SHELF |
||
| 004 | 75460 | ||
| 999 |
_c59344 _d59344 |
||